New Trends in Tourism Demand – Geocaching

Typy segmentácie klientov pre geocaching. Možnosti rozvoja cestovného ruchu a podpora neobjavených miest vďaka geocachingu. Definícia vzťahu geocaching a cestovný ruch.

Gespeichert in:
Bibliographische Detailangaben
1. Verfasser: Plesník, Pavol, 1956-
Format: Buchkapitel
Sprache:Englisch
Schlagworte:
Tags: Tag hinzufügen
Keine Tags, Fügen Sie das erste Tag hinzu!

MARC

LEADER 00000naa$a2200000$$$4500
001 0196128
005 20240502073315.9
041 0 |a eng 
044 |a SK 
245 1 0 |a New Trends in Tourism Demand – Geocaching  |c Pavol Plesník 
520 |a Typy segmentácie klientov pre geocaching. Možnosti rozvoja cestovného ruchu a podpora neobjavených miest vďaka geocachingu. Definícia vzťahu geocaching a cestovný ruch. 
610 2 0 |a dopyt 
610 2 0 |a ruch cestovný 
610 2 0 |a politika ruchu cestovného 
610 2 0 |a služby 
610 2 0 |a motivácia 
100 1 |a Plesník, Pavol, 1956-